Военно-патриотическое воспитание курсантов факультетов среднего профессионального образования вузов Министерства обороны Российской Федерации (Запись № 10687502)

Подробности
000 -МАРКЕР
контрольное поле 02377nam0a2200337 i 4500
001 - ИДЕНТИФИКАТОР ЗАПИСИ
контрольное поле RU\NLR\BIBL_A\010923351
005 - ИДЕНТИФИКАТОР ВЕРСИИ
контрольное поле 20241114214604.0
010 ## - МЕЖДУНАРОДНЫЙ СТАНДАРТНЫЙ НОМЕР КНИГИ (ISBN)
Номер (ISBN) 9785433100879
Тираж 500
021 ## - НОМЕР ГОСУДАРСТВЕННОЙ РЕГИСТРАЦИИ
Код страны Российская Федерация
Номер 2015-90580
Номер Листа государственной регистраци 5580
035 ## - ДРУГИЕ СИСТЕМНЫЕ НОМЕРА
Идентификатор записи (NILC)RuMoRGB-008076937
035 ## - ДРУГИЕ СИСТЕМНЫЕ НОМЕРА
Идентификатор записи (NLR Aleph) 010923351
100 ## - ДАННЫЕ ОБЩЕЙ ОБРАБОТКИ
Данные общей обработки 20151210d2014 k y0rusy50 ca
101 0# - ЯЗЫК РЕСУРСА
Язык текста, звукозаписи и т.д. русский
102 ## - СТРАНА ПУБЛИКАЦИИ ИЛИ ПРОИЗВОДСТВА
Страна публикации Российская Федерация
105 ## - ПОЛЕ КОДИРОВАННЫХ ДАННЫХ: ТЕКСТОВЫЕ МАТЕРИАЛЫ, МОНОГРАФИЧЕСКИЕ
Кодированные данные о монографическом текстовом документе a|||z|||000yy
200 1# - ЗАГЛАВИЕ И СВЕДЕНИЯ ОБ ОТВЕТСТВЕННОСТИ
Основное заглавие Военно-патриотическое воспитание курсантов факультетов среднего профессионального образования вузов Министерства обороны Российской Федерации
Сведения, относящиеся к заглавию монография
-- учебное пособие для курсантов, слушателей, обучающихся на факультете СПО по специальностям 19.06.01 "Автомобили и автомобильное хозяйство", 23.02.03 "Техническое обслуживание и ремонт автомобильного транспорта" (ВУС-837,849), 11.02.10 "Радиосвязь, радиовещание и телевидение", 11.02.11 "Сети связи и системы коммуникации" (ВУС-474,476), 11.02.09 "Многоканальные телекоммуникационные системы" (ВУС-460,462,465,404)
Первые сведения об ответственности Костин К.К., Старков Р.В.
Последующие сведения об ответственности Ряз. высш. воздуш.-десант. команд. училище (воен. ин-т) им. ген. армии В.Ф. Маргелова
210 ## - ПУБЛИКАЦИЯ, РАСПРОСТРАНЕНИЕ И ДР.
Место издания, распространения и т.д. Рязань
Имя издателя, распространителя и т. д. РВВДКУ
Дата издания, распространения и т.д. 2014
215 ## - ФИЗИЧЕСКАЯ ХАРАКТЕРИСТИКА
Специфическое обозначение материала и объем 284 с.
Другие сведения о физической характеристике ил.
Размеры 20
320 ## - ПРИМЕЧАНИЯ О НАЛИЧИИ В ДОКУМЕНТЕ БИБЛИОГРАФИИ / УКАЗАТЕЛЯ
Текст примечания Библиогр.: с. 208-218 (176 назв.) и в подстроч. примеч.
606 ## - НАИМЕНОВАНИЕ ТЕМЫ КАК ПРЕДМЕТ
Наименование темы Высшие военно-учебные заведения
Тематический подзаголовок Курсанты
-- Патриотическое воспитание
Системный номер авторитетной/нормативной записи 2531482
Идентификатор авторитетной/нормативной записи RU\NLR\AUTH\661499427
675 ## - УНИВЕРСАЛЬНАЯ ДЕСЯТИЧНАЯ КЛАССИФИКАЦИЯ (UDC/УДК)
Индекс 355/359
686 1# - ИНДЕКСЫ ДРУГИХ КЛАССИФИКАЦИЙ
Индекс Ц4,6(2Р)915.24
700 #1 - ИМЯ ЛИЦА - ПЕРВИЧНАЯ ОТВЕТСТВЕННОСТЬ
Начальный элемент ввода Костин
Часть имени, кроме начального элемента ввода К. К.
Расширение инициалов личного имени Кирилл Константинович
701 #1 - ИМЯ ЛИЦА - АЛЬТЕРНАТИВНАЯ ОТВЕТСТВЕННОСТЬ
Начальный элемент ввода Старков
Часть имени, кроме начального элемента ввода Р. В.
Расширение инициалов личного имени Роман Валерьевич
801 #0 - ИСТОЧНИК ЗАПИСИ
Страна Российская Федерация
Организация РГБ
Дата составления 20151120
Правила каталогизации RCR
801 #1 - ИСТОЧНИК ЗАПИСИ
Страна Российская Федерация
Организация РГБ
Дата составления 20151120
Источник данных rusmarc
942 ## - ДОПОЛНИТЕЛЬНЫЕ ЭЛЕМЕНТЫ ЗАПИСИ (АБИС)
Тип экземпляра АБИС Книга
980 ## - КОЛЛЕКЦИЯ
Название коллекции НБР

Нет доступных экземпляров.